000 00529nam a2200217Ia 4500
003 0100
005 20160504121449.0
008 130307s9999 xx 000 0 und d
020 _a0674767772
040 _cARRUPELIB
050 _aQ125.C542 1985
100 _aCohen, I.Bernard
_924368
245 _aRevolution in science
260 _aCambridge
260 _bHavard University Press
260 _c1985
300 _axvii
300 _b711p. 25cm.
650 _aScience
_xHistory
_924369
942 0 0 _01
_2lcc
_cMONOGRAPH
999 _c101029
_d101029